Starting New Testament study: (Record no. 54616)
[ view plain ]
| 000 -LEADER | |
|---|---|
| fixed length control field | 00790nam a22001817a 4500 |
| 008 - FIXED-LENGTH DATA ELEMENTS--GENERAL INFORMATION | |
| fixed length control field | 190806b ||||| |||| 00| 0 eng d |
| 020 ## - INTERNATIONAL STANDARD BOOK NUMBER | |
| International Standard Book Number | 9780281053544 |
| 050 ## - LIBRARY OF CONGRESS CALL NUMBER | |
| Classification number | BS2330.3 |
| Item number | .C53 2009 |
| 100 ## - MAIN ENTRY--PERSONAL NAME | |
| Personal name | Chilton, Bruce. |
| 245 ## - TITLE STATEMENT | |
| Title | Starting New Testament study: |
| Remainder of title | learning and doing / |
| Statement of responsibility, etc | Bruce Chilton, Deirdre Good. |
| 260 ## - PUBLICATION, DISTRIBUTION, ETC. (IMPRINT) | |
| Place of publication, distribution, etc | London : |
| Name of publisher, distributor, etc | SPCK, |
| Date of publication, distribution, etc | 2009 |
| 300 ## - PHYSICAL DESCRIPTION | |
| Extent | ix, 174 p. : |
| Other physical details | illus., maps ; |
| Dimensions | 22 cm |
| 500 ## - GENERAL NOTE | |
| General note | Includes bibliographical references and index. |
| 505 ## - FORMATTED CONTENTS NOTE | |
| Formatted contents note | Dictionaries, translations, commentaries and websites -- Books of the New Testament. Jesus and his social worlds -- Paul and his letters -- The Gospels -- Catholic and apocalyptic writings. |
| 630 ## - SUBJECT ADDED ENTRY--UNIFORM TITLE | |
| Relator term | Bible. New Testament |
| Form subdivision | Introductions. |
| 700 ## - ADDED ENTRY--PERSONAL NAME | |
| Personal name | Good, Deirdre Joy. |
| 942 ## - ADDED ENTRY ELEMENTS (KOHA) | |
| Source of classification or shelving scheme | Library of Congress Classification |
| Item type | Book |
| Withdrawn status | Lost status | Source of classification or shelving scheme | Damaged status | Not for loan | Collection code | Home library | Current library | Shelving location | Date acquired | Source of acquisition | Cost, normal purchase price | Total Checkouts | Full call number | Barcode | Date last borrowed | Copy number | Price effective from | Koha item type | Date last seen |
|---|---|---|---|---|---|---|---|---|---|---|---|---|---|---|---|---|---|---|---|
| Library of Congress Classification | Non-fiction | Bishop Okullu Memorial Library (Limuru Campus) | Bishop Okullu Memorial Library (Limuru Campus) | General Circulation | 06/08/2019 | Donations - TBN | 2700.00 | 1 | BS2330.3 .C53 2009 | 062157 | 18/02/2021 | 1 | 06/08/2019 | Book | |||||
| Library of Congress Classification | Non-fiction | Bishop Okullu Memorial Library (Limuru Campus) | Bishop Okullu Memorial Library (Limuru Campus) | General Circulation | 12/03/2020 | Donation-TBN | 2700.00 | BS2330.3 .C53 2009 | 064003 | 4 | 12/03/2020 | Book | |||||||
| Library of Congress Classification | Not For Loan | Non-fiction | Joshua & Timothy School of Theology Library (JTSOT) | Joshua & Timothy School of Theology Library (JTSOT) | General Circulation | 05/10/2021 | Donation-TBN | 2700.00 | BS2330.3 .C53 2009 | 067143 | 5 | 05/10/2021 | Book | ||||||
| Library of Congress Classification | Non-fiction | Joshua & Timothy School of Theology Library (JTSOT) | Joshua & Timothy School of Theology Library (JTSOT) | General Circulation | 05/10/2021 | Donation-TBN | 2700.00 | BS2330.3 .C53 2009 | 067144 | 6 | 05/10/2021 | Book | |||||||
| Library of Congress Classification | Non-fiction | Nairobi Campus | Nairobi Campus | General Circulation | 04/09/2019 | Donations - TBN | 2700.00 | 1 | BS2330.3 .C53 2009 | 062707 | 04/10/2023 | 2 | 04/09/2019 | Book | 04/10/2023 | ||||
| Library of Congress Classification | Non-fiction | Nakuru Campus | Nakuru Campus | General Circulation | 04/09/2019 | Donations - TBN | 2700.00 | BS2330.3 .C53 2009 | 062708 | 3 | 04/09/2019 | Book |